| 000 | 02154nam0a2200409 4500 | ||
|---|---|---|---|
| 001 | RU\NLR\bibl\1134845 | ||
| 005 | 20260405104523.0 | ||
| 010 |
_a978-5-98271-067-3 _9100 |
||
| 021 |
_aRU _b2007-56312 _92994 |
||
| 035 | _a(nilc)RSL-KNO-003179981 | ||
| 035 | _a(NLR Aleph) 001121734 | ||
| 090 |
_a1302417 _c1302417 |
||
| 100 | _a20070829d2007 |||y0rusy50 ca | ||
| 101 | 0 | _arus | |
| 102 | _aRU | ||
| 105 | _ay zzzz||||| | ||
| 200 | 1 |
_aФольклоризм прозы В.Ф. Потанина _e(монография) _fН.Е. Украинцева |
|
| 210 |
_aКуртамыш _cКуртамышская типография _d2007 |
||
| 215 |
_a141 с. _d21 |
||
| 300 | _aНа 4-й с. обл. авт.: Украинцева Н.Е., к.филол.н., преподаватель | ||
| 320 | _aБиблиогр.: с. 128-140 (214 назв.) | ||
| 600 | 1 |
_aПотанин _bВ. Ф. _f1937 _gВиктор Федорович _xи фольклор _92487231 _3RU\NLR\auth\661476062 |
|
| 606 | 1 |
_aРусский фольклор _xСвязи _xРусская советская литература _92487221 _3RU\NLR\auth\661476057 |
|
| 610 | 0 | _aФилологические науки. Художественная литература -- Российская Федерация -- Русская литература -- с 1917 г. -- Персоналии писателей -- Потанин Виктор Федорович (р.1937) - писатель -- Исследование произведений писателя по жанрам -- Прозаические произведения | |
| 686 |
_aШ5(2=Р)7-4Потанин В.Ф.534,0 _2rubbk |
||
| 686 | _aШ5(2=Р)7-4Потанин | ||
| 686 | _aШ3(2=1Р)-316 | ||
| 700 | 1 |
_aУкраинцева _bН. Е. _gНина Ефимовна _4070 |
|
| 702 | 1 |
_4570 _8rus _7ca _aПотанин _bВ.Ф. _gВиктор Федорович _f1937- _3RU\NLR\auth\7739992 _922953 |
|
| 801 | 0 |
_aRU _bРКП _c20070829 _grcr |
|
| 801 | 1 |
_aRU _bРГБ _c20070829 |
|
| 801 | 2 |
_aRU _bNLR _c20071002 _grcr |
|
| 830 | _aАвт. по кн. | ||
| 942 | _cBOOK | ||
| 980 | _aNB | ||
| 980 | _aNBR | ||